[Event "Ste Foy Petrossian"]
[Site "Ste Foy CAN"]
[Date "2017.04.01"]
[Round "1"]
[White "Chouinard, Etienne"]
[Black "Oliver, Vance"]
[Result "1-0"]
[WhiteElo "1859"]
[BlackElo "1548"]
[WhiteFideId "-1"]
[WhiteFideId "-1"]
[PlyCount "45"]
[GameId "2160767908477835"]
[EventDate "2017.04.01"]
[EventType "swiss"]
[EventRounds "5"]
[EventCountry "CAN"]
[SourceTitle "EXT 2022"]
[Source "ChessBase"]
[SourceDate "2021.10.06"]
[SourceVersion "1"]
[SourceVersionDate "2021.10.06"]
[SourceQuality "1"]

1. e4 d6 2. d4 Nf6 3. Nc3 g6 4. f4 Bg7 5. Nf3 O-O 6. Be3 Bg4 7. Be2 Na6 8. h3 Bxf3 9. Bxf3 c5 10. e5 cxd4 11. exf6 Bxf6 12. Bxd4 e5 13. fxe5 dxe5 14. Bf2 Qc7 15. O-O Bg7 16. Qd5 Rfb8 17. Be4 Nb4 18. Qb3 Nc6 19. Nb5 Qe7 20. Rad1 a6 21. Nd6 Nd4 22. Bxd4 exd4 23. Rxf7 1-0

[Event "Ste Foy Petrossian"]
[Site "Ste Foy CAN"]
[Date "2017.04.01"]
[Round "1"]
[White "Lessard, Claude"]
[Black "Gaudreau, Eric"]
[Result "1-0"]
[WhiteElo "2119"]
[BlackElo "1719"]
[WhiteFideId "-1"]
[WhiteFideId "-1"]
[PlyCount "59"]
[GameId "2160767908477836"]
[EventDate "2017.04.01"]
[EventType "swiss"]
[EventRounds "5"]
[EventCountry "CAN"]
[SourceTitle "EXT 2022"]
[Source "ChessBase"]
[SourceDate "2021.10.06"]
[SourceVersion "1"]
[SourceVersionDate "2021.10.06"]
[SourceQuality "1"]

1. d4 d6 2. Nf3 Nf6 3. c4 Nbd7 4. Nc3 e5 5. e3 Be7 6. Be2 O-O 7. O-O a5 8. Qc2 c6 9. b3 Re8 10. Bb2 exd4 11. exd4 Bf8 12. h3 g6 13. Rae1 Nh5 14. Bc1 Ndf6 15. Bg5 h6 16. Bd2 g5 17. Nxg5 hxg5 18. Bxg5 Be7 19. d5 Ng7 20. Bd3 Nd7 21. Bh7+ Kh8 22. Bxe7 Rxe7 23. Be4 Nf6 24. Qd2 Nxe4 25. Qh6+ Kg8 26. Nxe4 Ne8 27. Re3 Bf5 28. Rg3+ Bg6 29. Ng5 Nf6 30. Nxf7 1-0

[Event "Ste Foy Petrossian"]
[Site "Ste Foy CAN"]
[Date "2017.04.01"]
[Round "1"]
[White "Sauve, Richard"]
[Black "Desbiens, Raphael"]
[Result "0-1"]
[WhiteElo "1875"]
[BlackElo "1631"]
[WhiteFideId "-1"]
[WhiteFideId "-1"]
[PlyCount "88"]
[GameId "2160767908477837"]
[EventDate "2017.04.01"]
[EventType "swiss"]
[EventRounds "5"]
[EventCountry "CAN"]
[SourceTitle "EXT 2022"]
[Source "ChessBase"]
[SourceDate "2021.10.06"]
[SourceVersion "1"]
[SourceVersionDate "2021.10.06"]
[SourceQuality "1"]

1. d4 Nf6 2. c4 g6 3. Nc3 d5 4. e3 Bg7 5. Nf3 O-O 6. Bd3 c5 7. O-O cxd4 8. Nxd4 Nc6 9. Nxc6 bxc6 10. Qe2 e5 11. Rd1 Qe7 12. cxd5 cxd5 13. h3 Be6 14. a3 Rab8 15. Rb1 Rfc8 16. Bd2 d4 17. exd4 exd4 18. Ne4 Ba2 19. Rbc1 Re8 20. Bg5 h6 21. Nxf6+ Bxf6 22. Qxe7 Bxe7 23. Bxe7 Rxe7 24. b4 Bb3 25. Rd2 Rbe8 26. Kf1 Bd5 27. f3 Re3 28. Re2 Rxe2 29. Bxe2 Re3 30. Rd1 Rxa3 31. Rxd4 Be6 32. Bc4 Bxc4+ 33. Rxc4 Ra2 34. b5 Kg7 35. Rc7 Kf6 36. b6 axb6 37. Rc6+ Kg5 38. Rxb6 Kh4 39. Rb4+ Kg3 40. Rg4+ Kh2 41. h4 Rb2 42. f4 Rb4 43. h5 g5 44. Kf2 f5 0-1

[Event "Ste Foy Petrossian"]
[Site "Ste Foy CAN"]
[Date "2017.04.01"]
[Round "1"]
[White "Tremblay, Charles"]
[Black "Poliquin, Yvone"]
[Result "0-1"]
[WhiteElo "1690"]
[BlackElo "2004"]
[WhiteFideId "-1"]
[WhiteFideId "-1"]
[PlyCount "94"]
[GameId "2160767908477838"]
[EventDate "2017.04.01"]
[EventType "swiss"]
[EventRounds "5"]
[EventCountry "CAN"]
[SourceTitle "EXT 2022"]
[Source "ChessBase"]
[SourceDate "2021.10.06"]
[SourceVersion "1"]
[SourceVersionDate "2021.10.06"]
[SourceQuality "1"]

1. c4 e5 2. Nc3 Nf6 3. Nf3 e4 4. Ng5 b5 5. Ngxe4 Nxe4 6. Nxe4 bxc4 7. Qa4 Be7 8. b3 Bb7 9. Nc3 cxb3 10. Qxb3 Qc8 11. Rb1 Bc6 12. Nd5 Bxd5 13. Qxd5 Nc6 14. Bb2 Rb8 15. e3 O-O 16. Bc4 Nb4 17. Qe4 Re8 18. O-O c6 19. Qg4 Bf8 20. Qf3 d5 21. Bb3 Nd3 22. Bc3 Nc5 23. Bc2 Ne4 24. Bxe4 dxe4 25. Qg3 Rxb1 26. Rxb1 Qa6 27. Ra1 Qb7 28. h3 Re6 29. Kh1 c5 30. a3 Rb6 31. a4 a5 32. Rd1 f6 33. Qg4 Qc6 34. Ra1 g6 35. g3 Kf7 36. Kg2 h5 37. Qe2 c4 38. h4 f5 39. Qd1 Bg7 40. Bxa5 Rb3 41. Ra2 Qd5 42. Bc7 Rb7 43. Bf4 c3 44. Qc2 Rb2 45. Rxb2 cxb2 46. Qc7+ Kg8 47. Qb8+ Kh7 0-1

[Event "Ste Foy Petrossian"]
[Site "Ste Foy CAN"]
[Date "2017.04.08"]
[Round "2"]
[White "Chabot, Michelin"]
[Black "Lessard, Claude"]
[Result "0-1"]
[WhiteElo "1722"]
[BlackElo "2119"]
[WhiteFideId "-1"]
[WhiteFideId "-1"]
[PlyCount "52"]
[GameId "2160767908477839"]
[EventDate "2017.04.01"]
[EventType "swiss"]
[EventRounds "5"]
[EventCountry "CAN"]
[SourceTitle "EXT 2022"]
[Source "ChessBase"]
[SourceDate "2021.10.06"]
[SourceVersion "1"]
[SourceVersionDate "2021.10.06"]
[SourceQuality "1"]

1. e4 c6 2. d4 d5 3. exd5 cxd5 4. h3 Nf6 5. Nf3 Bf5 6. Bd3 Bxd3 7. Qxd3 e6 8. O-O Nbd7 9. Re1 Bd6 10. Nc3 Rc8 11. b3 O-O 12. Bd2 a6 13. Re2 Qc7 14. Rae1 Bb4 15. Nb1 Bxd2 16. Rxd2 Ne4 17. Rde2 Ndf6 18. Ne5 Nc3 19. Nxc3 Qxc3 20. Qxc3 Rxc3 21. Rc1 Rfc8 22. f3 Ne8 23. Kf2 Nd6 24. Rd2 R8c7 25. g4 Nb5 26. Rd3 Rxc2+ 0-1

[Event "Ste Foy Petrossian"]
[Site "Ste Foy CAN"]
[Date "2017.04.08"]
[Round "2"]
[White "Dube, Daniel"]
[Black "Sarra-Bournet, Marc"]
[Result "1/2-1/2"]
[WhiteElo "1890"]
[BlackElo "1787"]
[WhiteFideId "-1"]
[WhiteFideId "-1"]
[PlyCount "199"]
[GameId "2160767908477840"]
[EventDate "2017.04.01"]
[EventType "swiss"]
[EventRounds "5"]
[EventCountry "CAN"]
[SourceTitle "EXT 2022"]
[Source "ChessBase"]
[SourceDate "2021.10.06"]
[SourceVersion "1"]
[SourceVersionDate "2021.10.06"]
[SourceQuality "1"]

1. d4 d5 2. c4 e6 3. Nc3 Nf6 4. cxd5 exd5 5. Bg5 Be7 6. e3 O-O 7. Bd3 Nc6 8. a3 Re8 9. Nge2 Ng4 10. Bf4 Bg5 11. h3 Nh6 12. O-O Bf5 13. Bxf5 Nxf5 14. Qb3 Bxf4 15. Nxf4 Nfe7 16. Ncxd5 Na5 17. Nxe7+ Qxe7 18. Qc3 Nc6 19. Rac1 Rac8 20. Nd3 Qd6 21. b4 a6 22. Nc5 Nd8 23. e4 Qg6 24. e5 c6 25. f4 Ra8 26. f5 Qh6 27. Ne4 b6 28. Qg3 Kh8 29. Nd6 Re7 30. Rc3 a5 31. f6 gxf6 32. Nf5 Qf8 33. Nxe7 Qxe7 34. exf6 Qf8 35. Re1 Ne6 36. Rxc6 axb4 37. axb4 b5 38. Rcxe6 fxe6 39. Qg7+ Qxg7 40. fxg7+ Kxg7 41. Rxe6 Ra4 42. Rb6 Rxb4 43. d5 Rb2 44. d6 Rd2 45. Rb7+ Kg6 46. d7 b4 47. Kf1 b3 48. Ke1 Rd4 49. Ke2 b2 50. Rb6+ Kf7 51. Rxb2 Rxd7 52. Rb6 Kg7 53. Kf2 Rd2+ 54. Kg1 Rd1+ 55. Kh2 Rd3 56. h4 Rd4 57. Kh3 Rd2 58. h5 h6 59. g3 Rd5 60. g4 Rd3+ 61. Kg2 Rc3 62. Rg6+ Kh7 63. Rf6 Kg7 64. Rf3 Rc4 65. Kg3 Rb4 66. Rd3 Ra4 67. Rd7+ Kg8 68. Re7 Rb4 69. Kf3 Ra4 70. Re4 Ra1 71. Kf4 Rf1+ 72. Ke5 Kg7 73. Kd6 Rd1+ 74. Ke7 Rf1 75. Re6 Rf7+ 76. Kd6 Rf6 77. Ke5 Rf1 78. Rg6+ Kh7 79. Ke6 Ra1 80. Rf6 Ra6+ 81. Kf5 Ra5+ 82. Ke4 Ra4+ 83. Kf3 Ra3+ 84. Kg2 Ra2+ 85. Kg3 Ra3+ 86. Rf3 Ra7 87. Rf5 Kg7 88. Re5 Ra3+ 89. Kf4 Ra4+ 90. Kf5 Ra7 91. Re6 Rf7+ 92. Ke5 Rf1 93. Re7+ Kg8 94. Ke6 Rf4 95. Ra7 Rxg4 96. Kf6 Rg5 97. Ra8+ Kh7 98. Ra7+ Kg8 99. Ra8+ Kh7 100. Ra7+ 1/2-1/2

[Event "Ste Foy Petrossian"]
[Site "Ste Foy CAN"]
[Date "2017.04.08"]
[Round "2"]
[White "Gaudreau, Eric"]
[Black "Labrecque, Rejean"]
[Result "1/2-1/2"]
[WhiteElo "1719"]
[BlackElo "1587"]
[WhiteFideId "-1"]
[WhiteFideId "-1"]
[PlyCount "63"]
[GameId "2160767908477841"]
[EventDate "2017.04.01"]
[EventType "swiss"]
[EventRounds "5"]
[EventCountry "CAN"]
[SourceTitle "EXT 2022"]
[Source "ChessBase"]
[SourceDate "2021.10.06"]
[SourceVersion "1"]
[SourceVersionDate "2021.10.06"]
[SourceQuality "1"]

1. e4 c5 2. Nc3 e6 3. Nge2 Nc6 4. g3 d5 5. exd5 exd5 6. Bg2 Nf6 7. d4 Bg4 8. dxc5 Bxc5 9. Nxd5 Nxd5 10. Qxd5 Qe7 11. Qe4 Qxe4 12. Bxe4 O-O 13. f3 Bd7 14. Bf4 Bh3 15. Kd2 Rad8+ 16. Kc3 f5 17. Bxc6 bxc6 18. Rhd1 Bg2 19. Nd4 Bxd4+ 20. Rxd4 Bxf3 21. Re1 Be4 22. Red1 Rd5 23. Rxd5 cxd5 24. Kb3 Rc8 25. c3 Rc6 26. Rd4 Rb6+ 27. Rb4 Kf7 28. Rxb6 axb6 29. Kb4 Bd3 30. Bc7 b5 31. Kc5 Ke6 32. h4 1/2-1/2

[Event "Ste Foy Petrossian"]
[Site "Ste Foy CAN"]
[Date "2017.04.08"]
[Round "2"]
[White "Laflamme, Simon"]
[Black "Desbiens, Raphael"]
[Result "0-1"]
[WhiteElo "1864"]
[BlackElo "1631"]
[WhiteFideId "-1"]
[WhiteFideId "-1"]
[PlyCount "76"]
[GameId "2160767908477842"]
[EventDate "2017.04.01"]
[EventType "swiss"]
[EventRounds "5"]
[EventCountry "CAN"]
[SourceTitle "EXT 2022"]
[Source "ChessBase"]
[SourceDate "2021.10.06"]
[SourceVersion "1"]
[SourceVersionDate "2021.10.06"]
[SourceQuality "1"]

1. d4 Nf6 2. Nf3 g6 3. Bg5 Ne4 4. Bf4 Bg7 5. Nbd2 d5 6. e3 Nxd2 7. Qxd2 O-O 8. h4 Bg4 9. Ne5 Bf5 10. h5 g5 11. h6 Bf6 12. Bg3 c5 13. Bd3 Bxd3 14. Qxd3 Nc6 15. f4 Qc8 16. c3 Bxe5 17. fxe5 Qg4 18. Bf2 f5 19. Qe2 Qxe2+ 20. Kxe2 Kf7 21. Rh5 Kg6 22. Rah1 b5 23. R5h2 Rab8 24. a3 a5 25. Kd3 c4+ 26. Kc2 b4 27. axb4 axb4 28. Ra1 b3+ 29. Kb1 Ra8 30. Rxa8 Rxa8 31. g3 Nd8 32. Be1 Nf7 33. g4 Nxh6 34. gxf5+ Nxf5 35. Bd2 Ng3 36. Be1 Ne4 37. Rh3 Rf8 38. Kc1 Rf1 0-1

[Event "Ste Foy Petrossian"]
[Site "Ste Foy CAN"]
[Date "2017.04.08"]
[Round "2"]
[White "Poliquin, Yvone"]
[Black "Chouinard, Etienne"]
[Result "0-1"]
[WhiteElo "2004"]
[BlackElo "1859"]
[WhiteFideId "-1"]
[WhiteFideId "-1"]
[PlyCount "42"]
[GameId "2160767908477843"]
[EventDate "2017.04.01"]
[EventType "swiss"]
[EventRounds "5"]
[EventCountry "CAN"]
[SourceTitle "EXT 2022"]
[Source "ChessBase"]
[SourceDate "2021.10.06"]
[SourceVersion "1"]
[SourceVersionDate "2021.10.06"]
[SourceQuality "1"]

1. e4 e5 2. Nf3 Nc6 3. d4 exd4 4. Nxd4 Bc5 5. Nf5 Qf6 6. Nc3 Nge7 7. Ne3 d6 8. g3 h5 9. h3 Be6 10. Bg2 O-O-O 11. O-O Ne5 12. Na4 g5 13. Nxc5 dxc5 14. Qe2 g4 15. h4 Nf3+ 16. Bxf3 gxf3 17. Qb5 Rdg8 18. Bd2 Qxh4 19. Be1 Qh3 20. Qxc5 Nc6 21. Bc3 Rxg3+ 0-1

[Event "Ste Foy Petrossian"]
[Site "Ste Foy CAN"]
[Date "2017.04.08"]
[Round "2"]
[White "Stoyanova, Stela"]
[Black "Sauve, Richard"]
[Result "0-1"]
[WhiteElo "1561"]
[BlackElo "1875"]
[WhiteFideId "-1"]
[WhiteFideId "-1"]
[PlyCount "120"]
[GameId "2160767908477844"]
[EventDate "2017.04.01"]
[EventType "swiss"]
[EventRounds "5"]
[EventCountry "CAN"]
[SourceTitle "EXT 2022"]
[Source "ChessBase"]
[SourceDate "2021.10.06"]
[SourceVersion "1"]
[SourceVersionDate "2021.10.06"]
[SourceQuality "1"]

1. e4 e6 2. c4 d5 3. exd5 exd5 4. d4 Bb4+ 5. Nc3 Ne7 6. a3 Bxc3+ 7. bxc3 Nbc6 8. Nf3 O-O 9. Bd3 Bf5 10. O-O dxc4 11. Bxc4 Nd5 12. Bd2 Qd6 13. Re1 Rae8 14. Rc1 Bg4 15. h3 Bh5 16. Bd3 Rxe1+ 17. Bxe1 Qxa3 18. Qc2 Bg6 19. Bxg6 hxg6 20. Bd2 Qd6 21. Re1 Nf6 22. Nh4 Re8 23. Rxe8+ Nxe8 24. Qe4 Nf6 25. Qe1 Qe7 26. Qxe7 Nxe7 27. f3 Ned5 28. c4 Nb6 29. c5 Nc4 30. Bc1 a5 31. Kf2 a4 32. Ke2 a3 33. Bxa3 Nxa3 34. Kd3 Nd5 35. g3 Kf8 36. f4 Ke7 37. Nf3 b5 38. cxb6 cxb6 39. Ne5 b5 40. Nc6+ Kd6 41. Na5 b4 42. Nb3 Nb5 43. h4 Nbc7 44. Na5 Ne8 45. Nc4+ Ke6 46. Ne5 Nef6 47. Kc4 Nh5 48. Nf3 f6 49. g4 Nhxf4 50. g5 Kf5 51. gxf6 gxf6 52. Kc5 b3 53. Nd2 b2 54. Nb1 Kg4 55. Kc4 Kxh4 56. Kb3 g5 57. Kxb2 g4 58. Nd2 g3 59. Kb3 g2 60. Nf3+ Kg3 0-1

[Event "Ste Foy Petrossian"]
[Site "Ste Foy CAN"]
[Date "2017.04.22"]
[Round "3"]
[White "Chabot, Michelin"]
[Black "Dube, Daniel"]
[Result "0-1"]
[WhiteElo "1722"]
[BlackElo "1890"]
[WhiteFideId "-1"]
[WhiteFideId "-1"]
[PlyCount "106"]
[GameId "2160767908477845"]
[EventDate "2017.04.01"]
[EventType "swiss"]
[EventRounds "5"]
[EventCountry "CAN"]
[SourceTitle "EXT 2022"]
[Source "ChessBase"]
[SourceDate "2021.10.06"]
[SourceVersion "1"]
[SourceVersionDate "2021.10.06"]
[SourceQuality "1"]

1. e4 g6 2. d4 Bg7 3. Nf3 d6 4. h3 a6 5. Bc4 Nf6 6. Nbd2 b5 7. Bb3 Bb7 8. Qe2 Nbd7 9. O-O c5 10. c3 cxd4 11. cxd4 O-O 12. Re1 e5 13. d5 Nh5 14. g3 Nc5 15. Bc2 Qd7 16. Kh2 Bc8 17. Ng1 Bh6 18. Nf1 Bxc1 19. Raxc1 Qe8 20. b4 Na4 21. Bb3 f5 22. f3 fxe4 23. fxe4 Ra7 24. Ne3 Raf7 25. Rf1 Rxf1 26. Rxf1 Rxf1 27. Nxf1 Nb6 28. Nd2 Bd7 29. Qd1 Qc8 30. g4 Nf4 31. Ne2 Nxe2 32. Qxe2 Qf8 33. Qe3 Nc8 34. Kg2 Qf4 35. Qxf4 exf4 36. Nf3 Kg7 37. Bd1 h6 38. Nd4 Kf6 39. Kf3 Ke5 40. Ne2 g5 41. Bc2 Be8 42. h4 Bg6 43. hxg5 hxg5 44. Ng1 Nb6 45. Nh3 Kf6 46. e5+ dxe5 47. Bxg6 Kxg6 48. Ke4 Kf6 49. Ng1 Nc8 50. Ne2 Nd6+ 51. Kf3 e4+ 52. Kf2 Ke5 53. Nc3 Kd4 0-1

[Event "Ste Foy Petrossian"]
[Site "Ste Foy CAN"]
[Date "2017.04.22"]
[Round "3"]
[White "Chouinard, Etienne"]
[Black "Lessard, Claude"]
[Result "0-1"]
[WhiteElo "1859"]
[BlackElo "2119"]
[WhiteFideId "-1"]
[WhiteFideId "-1"]
[PlyCount "53"]
[GameId "2160767908477846"]
[EventDate "2017.04.01"]
[EventType "swiss"]
[EventRounds "5"]
[EventCountry "CAN"]
[SourceTitle "EXT 2022"]
[Source "ChessBase"]
[SourceDate "2021.10.06"]
[SourceVersion "1"]
[SourceVersionDate "2021.10.06"]
[SourceQuality "1"]

1. e4 c6 2. d4 d5 3. e5 c5 4. c3 Nc6 5. Be3 Bf5 6. Nd2 cxd4 7. Bxd4 e6 8. Ngf3 Be7 9. Qa4 Nh6 10. Bb5 O-O 11. Bxc6 bxc6 12. Qxc6 Bd3 13. Qa4 Qb8 14. Qb3 Nf5 15. g4 Nxd4 16. cxd4 Ba6 17. Rc1 Bb4 18. a3 Qb5 19. Qe3 Rac8 20. Kd1 Rxc1+ 21. Kxc1 Rc8+ 22. Kb1 Bc3 23. b3 Qd3+ 24. Qxd3 Bxd3+ 25. Kc1 Bxd4+ 26. Kd1 Bb2 27. Nc4 0-1

[Event "Ste Foy Petrossian"]
[Site "Ste Foy CAN"]
[Date "2017.04.22"]
[Round "3"]
[White "Desbiens, Raphael"]
[Black "Poliquin, Yvone"]
[Result "1-0"]
[WhiteElo "1631"]
[BlackElo "2004"]
[WhiteFideId "-1"]
[WhiteFideId "-1"]
[PlyCount "53"]
[GameId "2160767908477847"]
[EventDate "2017.04.01"]
[EventType "swiss"]
[EventRounds "5"]
[EventCountry "CAN"]
[SourceTitle "EXT 2022"]
[Source "ChessBase"]
[SourceDate "2021.10.06"]
[SourceVersion "1"]
[SourceVersionDate "2021.10.06"]
[SourceQuality "1"]

1. e4 e5 2. Nf3 f5 3. Nxe5 Qf6 4. d4 fxe4 5. Bc4 Ne7 6. Bf7+ Kd8 7. Bb3 d5 8. Bxd5 h6 9. Bxe4 Nbc6 10. Nxc6+ Nxc6 11. c3 Bd6 12. Qf3 Qe7 13. O-O Rf8 14. Qd3 Qh4 15. g3 Qh3 16. Bg2 Qh5 17. Nd2 Bf5 18. Ne4 Qg6 19. f3 a6 20. Qc4 Be6 21. d5 Ne5 22. Qd4 Bf5 23. Nxd6 cxd6 24. Bf4 Nd7 25. g4 Bd3 26. Rfd1 Bc2 27. Rd2 1-0

[Event "Ste Foy Petrossian"]
[Site "Ste Foy CAN"]
[Date "2017.04.22"]
[Round "3"]
[White "Labrecque, Rejean"]
[Black "Stoyanova, Stela"]
[Result "1-0"]
[WhiteElo "1587"]
[BlackElo "1561"]
[WhiteFideId "-1"]
[WhiteFideId "-1"]
[PlyCount "97"]
[GameId "2160767908477848"]
[EventDate "2017.04.01"]
[EventType "swiss"]
[EventRounds "5"]
[EventCountry "CAN"]
[SourceTitle "EXT 2022"]
[Source "ChessBase"]
[SourceDate "2021.10.06"]
[SourceVersion "1"]
[SourceVersionDate "2021.10.06"]
[SourceQuality "1"]

1. Nf3 c5 2. g3 Nc6 3. Bg2 e5 4. O-O d5 5. d3 Be7 6. Nc3 Be6 7. e4 d4 8. Ne2 g5 9. Ne1 Qd7 10. f4 gxf4 11. gxf4 Bh3 12. f5 Bxg2 13. Kxg2 Nf6 14. Kh1 O-O-O 15. Nf3 h6 16. Bd2 Rdg8 17. Ng3 Bd6 18. a3 h5 19. Bg5 Ng4 20. Qe2 f6 21. Bh4 Nd8 22. Rg1 Nf7 23. h3 Ng5 24. Nxh5 Nxf3 25. Qxf3 Rxh5 26. Rxg4 Rxg4 27. Qxg4 Qh7 28. Bxf6 Rxh3+ 29. Kg2 Rh2+ 30. Kf3 Rxc2 31. Rg1 Rxb2 32. Qg8+ Qxg8 33. Rxg8+ Kd7 34. Rd8+ Kc7 35. Re8 c4 36. dxc4 Rb3+ 37. Kf2 Rxa3 38. Bxe5 Bxe5 39. Rxe5 Ra6 40. Ke2 Rd6 41. Kd3 b6 42. Re7+ Rd7 43. Rxd7+ Kxd7 44. Kxd4 Ke7 45. e5 Kd7 46. c5 b5 47. e6+ Ke8 48. f6 a5 49. e7 1-0

[Event "Ste Foy Petrossian"]
[Site "Ste Foy CAN"]
[Date "2017.04.22"]
[Round "3"]
[White "Sarra-Bournet, Marc"]
[Black "Laflamme, Simon"]
[Result "1/2-1/2"]
[WhiteElo "1787"]
[BlackElo "1864"]
[WhiteFideId "-1"]
[WhiteFideId "-1"]
[PlyCount "71"]
[GameId "2160767908477849"]
[EventDate "2017.04.01"]
[EventType "swiss"]
[EventRounds "5"]
[EventCountry "CAN"]
[SourceTitle "EXT 2022"]
[Source "ChessBase"]
[SourceDate "2021.10.06"]
[SourceVersion "1"]
[SourceVersionDate "2021.10.06"]
[SourceQuality "1"]

1. e4 c6 2. d4 d5 3. Nc3 dxe4 4. Nxe4 Bf5 5. Ng3 Bg6 6. Nf3 Nd7 7. Bd3 Qc7 8. O-O Ngf6 9. Bg5 O-O-O 10. Re1 e6 11. Ne4 Be7 12. Bh4 Bxe4 13. Bxe4 Nc5 14. Bg3 Bd6 15. Bxd6 Rxd6 16. Bd3 Nxd3 17. Qxd3 Rhd8 18. c3 h6 19. Ne5 Qe7 20. Qf3 Rf8 21. Qg3 g5 22. Nc4 Rd7 23. Re5 Nd5 24. Rae1 Qf6 25. R5e4 Qd8 26. Ne5 Re7 27. Nd3 Nf6 28. R4e2 Nd5 29. Qh3 Rh8 30. Qf3 Qc7 31. c4 Nb6 32. Qf6 Qd8 33. Ne5 Nd7 34. Qf3 Nxe5 35. dxe5 Rd7 36. Qe3 1/2-1/2

[Event "Ste Foy Petrossian"]
[Site "Ste Foy CAN"]
[Date "2017.04.22"]
[Round "3"]
[White "Sauve, Richard"]
[Black "Oliver, Vance"]
[Result "1-0"]
[WhiteElo "1875"]
[BlackElo "1548"]
[WhiteFideId "-1"]
[WhiteFideId "-1"]
[PlyCount "59"]
[GameId "2160767908477850"]
[EventDate "2017.04.01"]
[EventType "swiss"]
[EventRounds "5"]
[EventCountry "CAN"]
[SourceTitle "EXT 2022"]
[Source "ChessBase"]
[SourceDate "2021.10.06"]
[SourceVersion "1"]
[SourceVersionDate "2021.10.06"]
[SourceQuality "1"]

1. d4 Nf6 2. c4 g6 3. Nc3 Bg7 4. e4 d6 5. f3 O-O 6. Be3 Nc6 7. Nge2 a6 8. Qd2 Rb8 9. Nc1 e5 10. d5 Nd4 11. N1e2 c5 12. dxc6 bxc6 13. Nxd4 exd4 14. Bxd4 Re8 15. Be2 d5 16. cxd5 cxd5 17. exd5 Bb7 18. O-O-O Qc7 19. Kb1 Rec8 20. Rc1 Qa5 21. Rhd1 Ba8 22. g4 Rb4 23. Be5 Qb6 24. g5 Nxd5 25. Bxg7 Kxg7 26. Nxd5 Rxb2+ 27. Qxb2+ Qxb2+ 28. Kxb2 Rb8+ 29. Kc2 Bc6 30. Nc3 1-0

[Event "Ste Foy Petrossian"]
[Site "Ste Foy CAN"]
[Date "2017.04.29"]
[Round "4"]
[White "Chouinard, Etienne"]
[Black "Dube, Daniel"]
[Result "1-0"]
[WhiteElo "1859"]
[BlackElo "1890"]
[WhiteFideId "-1"]
[WhiteFideId "-1"]
[PlyCount "111"]
[GameId "2160767908477851"]
[EventDate "2017.04.01"]
[EventType "swiss"]
[EventRounds "5"]
[EventCountry "CAN"]
[SourceTitle "EXT 2022"]
[Source "ChessBase"]
[SourceDate "2021.10.06"]
[SourceVersion "1"]
[SourceVersionDate "2021.10.06"]
[SourceQuality "1"]

1. e4 Nf6 2. Nc3 d5 3. exd5 Nxd5 4. Qf3 c6 5. Nxd5 cxd5 6. d4 Nc6 7. c3 g6 8. Bd3 Bg7 9. Ne2 O-O 10. Qg3 e5 11. dxe5 Nxe5 12. Bc2 Re8 13. O-O Bg4 14. Nd4 h5 15. h3 h4 16. Qf4 Bd7 17. Nf3 Nxf3+ 18. Qxf3 Bb5 19. Bd3 Bc6 20. Qg4 d4 21. c4 Bd7 22. Qg5 Bf6 23. Qd5 Bc6 24. Qxd8 Raxd8 25. f3 Re3 26. Bxe3 dxe3 27. Rad1 Bxb2 28. Be2 Rd2 29. Rxd2 exd2 30. Rb1 Bc1 31. Bd1 Kg7 32. Kf2 Kf6 33. Ke2 b6 34. Rb3 Kf5 35. Re3 Bd7 36. Re4 g5 37. Bc2 Kf6 38. Rd4 Be6 39. Kd3 Ke5 40. Re4+ Kd6 41. Kc3 a5 42. Bd1 f5 43. Rd4+ Ke5 44. Rd8 Kf4 45. Rd6 Bc8 46. Rxb6 Kg3 47. Rg6 Kxg2 48. Rxg5+ Kxh3 49. Rg7 Kh2 50. f4 Ba3 51. Kxd2 Bd6 52. Ke3 h3 53. Kf3 Kh1 54. Kg3 h2 55. Kh3 Bb7 56. Rxb7 1-0

[Event "Ste Foy Petrossian"]
[Site "Ste Foy CAN"]
[Date "2017.04.29"]
[Round "4"]
[White "Desbiens, Raphael"]
[Black "Lessard, Claude"]
[Result "0-1"]
[WhiteElo "1631"]
[BlackElo "2119"]
[WhiteFideId "-1"]
[WhiteFideId "-1"]
[PlyCount "110"]
[GameId "2160767908477852"]
[EventDate "2017.04.01"]
[EventType "swiss"]
[EventRounds "5"]
[EventCountry "CAN"]
[SourceTitle "EXT 2022"]
[Source "ChessBase"]
[SourceDate "2021.10.06"]
[SourceVersion "1"]
[SourceVersionDate "2021.10.06"]
[SourceQuality "1"]

1. e4 c6 2. d4 d5 3. Nc3 dxe4 4. Nxe4 Nf6 5. Nxf6+ exf6 6. Bc4 Bd6 7. Qe2+ Be7 8. Nf3 O-O 9. O-O Bd6 10. Re1 Bg4 11. h3 Bh5 12. g4 Bg6 13. Nh4 Nd7 14. f4 f5 15. g5 Nb6 16. Bb3 a5 17. c3 Nd5 18. Qf3 Bc7 19. Bc2 Qd6 20. Bxf5 Nxf4 21. Bxf4 Qxf4 22. Qxf4 Bxf4 23. Bxg6 fxg6 24. Nf3 Rf5 25. h4 Raf8 26. Rf1 Bb8 27. Kg2 Rf4 28. Ne5 Bxe5 29. dxe5 Rxh4 30. Kg3 Rxf1 31. Rxf1 Re4 32. Rd1 Rxe5 33. Rd8+ Kf7 34. Rd7+ Re7 35. Rd4 h5 36. Rd6 Re5 37. Rd7+ Ke6 38. Rxb7 Rxg5+ 39. Kf4 Rb5 40. Rxg7 Kf6 41. Rc7 g5+ 42. Kf3 g4+ 43. Kg3 Kg5 44. Rg7+ Kf5 45. Rc7 Rd5 46. Rxc6 Kg5 47. b4 h4+ 48. Kh2 Rd2+ 49. Kg1 g3 50. Rc8 Kg4 51. Rg8+ Kh3 52. Kf1 axb4 53. cxb4 Rxa2 54. b5 Rb2 55. Rg5 Kh2 0-1

[Event "Ste Foy Petrossian"]
[Site "Ste Foy CAN"]
[Date "2017.04.29"]
[Round "4"]
[White "Gaudreau, Eric"]
[Black "Sarra-Bournet, Marc"]
[Result "1/2-1/2"]
[WhiteElo "1719"]
[BlackElo "1787"]
[WhiteFideId "-1"]
[WhiteFideId "-1"]
[PlyCount "152"]
[GameId "2160767908477853"]
[EventDate "2017.04.01"]
[EventType "swiss"]
[EventRounds "5"]
[EventCountry "CAN"]
[SourceTitle "EXT 2022"]
[Source "ChessBase"]
[SourceDate "2021.10.06"]
[SourceVersion "1"]
[SourceVersionDate "2021.10.06"]
[SourceQuality "1"]

1. e4 e5 2. Nf3 Nc6 3. Bb5 a6 4. Ba4 Nf6 5. O-O Be7 6. Re1 b5 7. Bb3 d6 8. c3 O-O 9. d4 Bg4 10. d5 Na5 11. Bc2 c6 12. dxc6 Nxc6 13. h3 Bc8 14. Nbd2 Bb7 15. Nf1 Re8 16. Ng3 Qc7 17. Nh2 Rad8 18. Ng4 Nxg4 19. Qxg4 Bf8 20. Nf5 Kh8 21. Ne3 Ne7 22. Qh5 Ng6 23. g3 Re6 24. Nd5 Bxd5 25. exd5 Ree8 26. Re4 Be7 27. a4 Qb7 28. Rb4 Rf8 29. Be4 Qb6 30. Be3 Qa5 31. Ra3 Qc7 32. axb5 axb5 33. Ra7 Qb8 34. Rxe7 f5 35. Bxf5 Rxf5 36. Qxf5 Nxe7 37. Qd3 Qc8 38. Bg5 Re8 39. Bxe7 Rxe7 40. Kg2 Qf8 41. Qxb5 e4 42. Qe2 Qe8 43. Qe3 h6 44. Rb6 Qg6 45. Rc6 Re5 46. c4 Rf5 47. c5 Rxd5 48. Rxd6 Qf5 49. Rxd5 Qxd5 50. Kh2 Qc4 51. Qc3 Qe2 52. Kg2 e3 53. Qxe3 Qxb2 54. Qe8+ Kh7 55. Qe4+ Kg8 56. c6 Qc3 57. Qe8+ Kh7 58. Qd7 Qe5 59. Qd3+ Kh8 60. Qd8+ Kh7 61. c7 Qe4+ 62. Kh2 Qc2 63. Kg2 Qe4+ 64. Kf1 Qb1+ 65. Ke2 Qc2+ 66. Ke3 Qc5+ 67. Ke4 Qc4+ 68. Ke5 Qc5+ 69. Ke6 Qc4+ 70. Ke7 Qe2+ 71. Kd7 Qb5+ 72. Kc8 Qa6+ 73. Kd7 Qb5+ 74. Ke6 Qe2+ 75. Kd5 Qd3+ 76. Ke5 Qc3+ 1/2-1/2